000 02262nam0a22003251 4500
001 v19\rc\1562927
005 20060620141023.8
035 _a(NLR Aleph) 004675383
090 _a3734283
_c3734283
100 _a20060620e18921891|||y0rusy50 ca
101 0 _arus
102 _aRU
105 _ay z |||||
200 1 _aРаспределение атмосферного давления на пространстве Российской империи и Азиатского материка на основании наблюдений с 1836 по 1885 года. Критически обработал Алексей Тилло. Спб., 1890 г. (Записки Императорского Русского географического о-ва по общей географии. Т. 21)
_eРец. проф. А. Клоссовского
210 _a[Санкт-Петербург]
_cтип. Имп. Акад. наук
_dценз. 1892
215 _a22 с.
_d24
309 _aБез тит. л.
311 _aОтт. из Отчета о присуждении в 1891 г. премий Макария митрополита Московского
470 0 _12001#$aРаспределение атмосферного давления на пространстве Российской империи и Азиатского материка на основании наблюдений с 1836 по 1885 года$e(Записки Императорского Русского географического о-ва по общей географии. Т. 21)$fКритически обработал Алексей Тилло
_1210##$aСанкт-Петербург$d1890
_1700#1$aТилло$bА.А.$f1839-1899/1900$gАлексей Андреевич
488 0 _12001#$aОтчет о присуждении в 1891 г. премий Макария митрополита Московского
700 1 _aКлоссовский
_bА. В.
_f1846-1917
_gАлександр Викентьевич
801 0 _aRU
_bNLR
_gpsbo
801 0 _aRU
_bRuMoRGB
_2psbo
801 1 _aRU
_bProSoft-M
_2rusmarc
852 _aNLR
_j18.188.6.390
899 _aRuMoRGB
_jA 201/226
899 _aRuMoRGB
_jU 250/1001
899 _aБАН
942 _cBOOK
980 _aNB